000 00960cab a2200265 4500
001 ABS37444
008 090401t1987 xxu||||| |||| 00| 0 eng d
035 _a(Sirsi) u4545
041 _aeng
100 _aDexter, K.
245 4 _aThe Crown Estate
260 _c1987
350 _a0
490 _aEstates Gazette
_v281(6320) 7 February 1987, 492-493
520 _aIn this two-part article, the Second Crown Estate Commissioner describes the role of the Crown Estate, its policies and aims and also looks at its portfolio which includes more than 250,000 acres of agricultural and coastal land in England and Scotland and substantial blocks of urban commercial and residential property , mainly located in London .
650 _aPROPERTY-COMMERCIAL PROPERTY
650 _aFARMLAND
650 _aFORESHORE
650 _aLAND
650 _aOFFICES
650 _aSHOPS
690 _aPROPERTY LAW AND PRACTICE
942 _n0
948 _c04/03/1997
999 _c2744
_d2744